Szczegóły MARC21

La prova orale 2 : materiale autentico per la conversazione e la preparazione agli esami orali : livello intermedio - avanzato : B2-C2 quadro europeo di riferimento /

003 -Nazwa inst., której nr kontr. jest w polu 001 [,]
    • @
    • Nazwa instytucji, której n kontrolny jest w polu 001
    • NUKAT
005 -DATA I CZAS OSTATNIEJ MODYFIKACJI [,]
    • @
    • pole kontrolne
    • 20241231094833.0
020 -Międzynarod. znormalizowany nr książki - ISBN [ , ]
    • a
    • Numer ISBN
    • 9789607706256 Find
040 -Instytucja sporządzająca opis [ , ]
    • a
    • Instytucja, która sporządziła opis (NP)
    • KR 122/DP
    • c
    • Instytucja, która sporządziła rekord (NP)
    • KR 122/DP
    • d
    • Instytucja, która zmodyfikowała rekord (P)
    • KR 122/MN
    • d
    • Instytucja, która zmodyfikowała rekord (P)
    • KAT U/42AFs
044 -Kraj miejsca wydania [ , ]
    • a
    • Kraj miejsca wydania
    • Włochy
    • a
    • Kraj miejsca wydania
    • Grecja
942 -Rodzaj dokumentu [ , ]
    • c
    • Rodzaj dokumentu
    • Książka
100 -Hasło główne - nazwa osobowa [1, ]
    • a
    • Nazwa osobowa (NP)
    • Marin, Telis.
    • 9
    • KHW
    • 597259
245 -Strefa tytułu i oznaczenia odpowiedzialności [1,3]
    • a
    • Tytuł
    • La prova orale 2 : Find
    • b
    • Ciąg dalszy tytułu (NP)
    • materiale autentico per la conversazione e la preparazione agli esami orali : livello intermedio - avanzato : B2-C2 quadro europeo di riferimento / Find
    • c
    • Pozostałe elementy strefy tytułu i oznaczenia odpowiedzialności (NP)
    • T. Marin.
250 -Strefa wydania [ , ]
    • a
    • Oznaczenie wydania (NP)
    • 2 ed.
260 -Strefa adresu wydawniczego [ , ]
    • a
    • Miejsce wydania (P)
    • Roma ;
    • a
    • Miejsce wydania (P)
    • Atene :
    • b
    • Nazwa wydawcy (P)
    • Edilingua,
    • c
    • Data wydania (P)
    • 2005.
300 -Strefa opisu fizycznego [ , ]
    • a
    • Określenie formy książki i/lub objętość (NP)
    • 126 s. :
    • b
    • Oznaczenie ilustracji (NP)
    • il. kolor. ;
    • c
    • Format (NP)
    • 27 cm.
336 -Typ zawartości [ , ]
    • a
    • Termin opisujący typ zawartości
    • Tekst
    • b
    • Kod określający zawartość
    • txt
    • 2
    • Źródło (terminu i kodu)
    • rdacontent
337 -Typ mediów [ , ]
    • a
    • Tryb odtwarzania
    • Bez urządzenia pośredniczącego
    • b
    • Kod typu mediów
    • n
    • 2
    • Źródło (terminu i kodu)
    • rdamedia
338 -Typ/rodzaj nośnika [ , ]
    • a
    • Hasło opisujące typ nośnika
    • Wolumin
    • b
    • Kod typu nośnika
    • nc
    • 2
    • Źródło (terminu i kodu)
    • rdacarrier
080 -Uniwersalna Klasyfikacja Dziesiętna [ , ]
    • 2
    • Identyfikator wydania tablic
    • UDC-P058
    • 9
    • UKD
    • 19655
    • a
    • Symbol klasyfikacji
    • 811.131.1'24
    • b
    • Dopowiedzenie
    • Język włoski. - Praktyczna znajomość języków.
    • 4
    • UKD2
    • 8594
    • x
    • Poddział wspólny
    • (07)
    • c
    • Dopowiedzenie poddz. wspólnego
    • (Wydawnictwa dydaktyczne. Podręczniki).
    • 4
    • UKD2
    • 7652
    • x
    • Poddział wspólny
    • =131.1
    • c
    • Dopowiedzenie poddz. wspólnego
    • =Język włoski.
650 -Hasło przedmiotowe [ ,7]
    • a
    • Hasło przedmiotowe
    • Język włoski
    • v
    • Określnik formalny
    • podręczniki dla obcojęzycznych.
    • 2
    • Źródło terminu
    • kaba
    • 9
    • KHW
    • 597336
980 -Symbol UKD [ , ]
    • a
    • UKD
    • 811.131.1'24(07)=131.1
710 -Hasło dodatkowe - nazwa ciała zbiorowego [2, ]
    • a
    • Nazwa ciała zbiorowego lub nazwa geograficzna jako pierwszy element (NP)
    • Edizioni Edilingua.
    • 4
    • Kod relacji
    • pbl
    • 9
    • KHW
    • 588372
920 -ISBN [ , ]
    • a
    • ISBN
    • 978-960-7706-25-6 Find
Numer inwentarzowy Sygnatura Status udost. Lokalizacja Data inwentaryzacji
A.8835WŁ. Nauka języka 111BM2011-12-16